| 000 | 00642nam a2200229Ia 4500 | ||
|---|---|---|---|
| 001 | 3006 | ||
| 003 | GE_BSU | ||
| 008 | 181216s||||||||xx |||||||||||||| ||und|| | ||
| 020 | _a573100630x | ||
| 040 | _cGE_BSU | ||
| 080 | _a330.101(075.8) | ||
| 100 | _aГребенников,П.И. А.И. Леусский, Л.С Тарасевич | ||
| 245 | _aМикроэкономика | ||
| 245 | _cобщая редакция Л.С Тарасевича | ||
| 260 | _aСПб | ||
| 260 | _bИзд-во СПбУЭФ | ||
| 260 | _c1996 | ||
| 300 | _a352 с. 21 см. | ||
| 541 | _h10 л. | ||
| 653 | _aМикроэкономика | ||
| 942 | _cBK | ||
| 999 |
_c37052 _d37052 |
||